Vainqueurs de la Supercopa de España - Statistiques

Statistiques générales
  • Ce quiz a été pris 42 fois
    5 depuis la dernière actualisation
  • Le résultat moyen est 39 sur 41
Statistiques - réponses
Année Vainqueur % Correct
2020-2021 Athletic Bilbao
100%
2015 Athletic Bilbao
100%
1984 Athletic Bilbao
100%
2014 Atlético Madrid
100%
1985 Atlético Madrid
100%
2002 Deportivo La Corogne
100%
2000 Deportivo La Corogne
100%
1995 Deportivo La Corogne
100%
2024/2025 FC Barcelone
100%
2022-2023 FC Barcelone
100%
2018 FC Barcelone
100%
2016 FC Barcelone
100%
2013 FC Barcelone
100%
2011 FC Barcelone
100%
2010 FC Barcelone
100%
2009 FC Barcelone
100%
2006 FC Barcelone
100%
2005 FC Barcelone
100%
1996 FC Barcelone
100%
1994 FC Barcelone
100%
1992 FC Barcelone
100%
1991 FC Barcelone
100%
1983 FC Barcelone
100%
2023-2024 Real Madrid
100%
2021-2022 Real Madrid
100%
2019-2020 Real Madrid
100%
2017 Real Madrid
100%
2012 Real Madrid
100%
2008 Real Madrid
100%
2003 Real Madrid
100%
2001 Real Madrid
100%
1997 Real Madrid
100%
1993 Real Madrid
100%
1990 Real Madrid
100%
1989 Real Madrid
100%
1988 Real Madrid
100%
2007 Seville FC
100%
1999 Valence CF
100%
2004 Real Zaragoza
67%
1998 RCD Majorque
33%
1982 Real Sociedad
33%
Aucun quiz correspondant
Distribution des résultats
% des personnes avec chaque résultat
Percentile par nombre de réponses
Votre historique - résultats
Vous n’avez pas pris ce quiz depuis la dernière actualisation